000 00670cam a2200241 4500500
005 20260405003340.0
041 _afre
042 _adc
100 1 0 _ade Oliveira, Victorine
_eauthor
245 0 0 _aBlaise Pascal, révéler les ombres
260 _c2021.
500 _a39
690 _aBlaise Pascal
690 _aDivertissement
690 _aFoi
690 _aInfini
690 _aMystique
690 _aPascal
690 _aRaison
690 _aScience
786 0 _nPhilosophie magazine | 152 | 9 | 2021-09-01 | p. 61-61 | 1951-1787
856 4 1 _uhttps://shs.cairn.info/magazine-philosophie-magazine-2021-9-page-61?lang=fr&redirect-ssocas=7080
999 _c2066715
_d2066715